Φυσική.
Αποθηκεύτηκε σε:
| Άλλοι συγγραφείς: | , , |
|---|---|
| Μορφή: | Βιβλίο |
| Γλώσσα: | Greek English |
| Δημοσίευση: |
Αθήνα :
[Ε.Μ.Π],
1985.
|
| Σειρά: | Μαθήματα Φυσικής Πανεπιστημίου Berkeley
|
| Θέματα: | |
| Ετικέτες: |
Προσθήκη ετικέτας
Δεν υπάρχουν, Καταχωρήστε ετικέτα πρώτοι!
|
MARC
| LEADER | 00000cam a2200000 i 4500 | ||
|---|---|---|---|
| 001 | 1/35157 | ||
| 008 | 941103m1985 gr | ||| |||| ||gre|| | ||
| 035 | |a 1987 |l 10039858 | ||
| 035 | |a 1987 |l 10039903 | ||
| 035 | |a 1987 |l 10039852 | ||
| 040 | |a GR-MyUa |b gre |e AACR2 | ||
| 041 | 1 | |a gre |h eng | |
| 082 | 7 | |a 530 |2 (22) | |
| 245 | 0 | 0 | |a Φυσική. |
| 260 | |a Αθήνα : |b [Ε.Μ.Π], |c 1985. | ||
| 300 | |a 5 τ. : |b εικ. ; |c 28 εκ. | ||
| 490 | 1 | |a (Μαθήματα φυσικής του Πανεπιστημίου Berkeley) | |
| 500 | |a Περιλαμβάνει ευρετήρια. | ||
| 508 | |a Τ. 1. Μηχανική / Charles Kittel, Walter D. Knight, Malvin A. Ruderman ; αναθεωρημένο από: August C. Helmholz, Nurton J. Moyer -- τ. 2. Ηλεκτρισμός και μαγνητισμός / Purcell Edward M. -- τ. 3. Κυματική / F. S. Crawford, Jr. -- τ. 4. Κβαντική φυσική / E. H. Wichmann -- τ. 5. Στατιστική φυσική / F. Reif. | ||
| 650 | 0 | |a Physics. | |
| 650 | 0 | |a Electricity. | |
| 650 | 0 | |a Magnetism. | |
| 650 | 0 | |a Quantum theory. | |
| 650 | 0 | |a Wave mechanics. | |
| 700 | 1 | |a Purcell, Edward M. | |
| 700 | 1 | |a Crawford, Frank S. | |
| 700 | 1 | |a Wichmann, Eyvind H. | |
| 830 | 0 | |a Μαθήματα Φυσικής Πανεπιστημίου Berkeley | |
| 852 | |a INST |b SAMOS |e 19941103 |h 530 ΦΥΣ |p 005300000767 |q 005300000767 |t BK |v τομ.3: |y 23 | ||
| 852 | |a INST |b SAMOS |e 19941103 |h 530 ΦΥΣ |p 005300000768 |q 005300000768 |t BK |v τομ.3: |y 0 | ||
| 852 | |a INST |b SAMOS |e 19941103 |h 530 ΦΥΣ |p 005300000769 |q 005300000769 |t BK |v τομ.3: |y 0 | ||
| 852 | |a INST |b SAMOS |e 19941103 |h 530 ΦΥΣ |p 005300000770 |q 005300000770 |t BK |v τομ.3: |y 0 | ||
| 852 | |a INST |b SAMOS |e 19941103 |h 530 ΦΥΣ |p 005300000771 |q 005300000771 |t BK |v τομ.3: |y 0 | ||
| 852 | |a INST |b SAMOS |e 20150714 |h 530 ΦΥΣ |p 005300000922 |q 005300000922 |t BK |v τομ.2: |y 23 | ||
| 852 | |a INST |b SAMOS |e 19941103 |h 530 ΦΥΣ |p 005300000923 |q 005300045905 |t BK |v τομ.2: |y 0 | ||
| 852 | |a INST |b SAMOS |e 19941103 |h 530 ΦΥΣ |p 005300000924 |q 005300000924 |t BK |v τομ.2: |y 0 | ||
| 852 | |a INST |b SAMOS |e 19941103 |h 530 ΦΥΣ |p 005300000925 |q 005300000925 |t BK |v τομ.2: |y 0 | ||
| 852 | |a INST |b SAMOS |e 19941103 |h 530 ΦΥΣ |p 005300000943 |q 005300000943 |t BK |v τομ.4: |y 23 | ||
| 852 | |a INST |b SAMOS |e 19941103 |h 530 ΦΥΣ |p 005300000944 |q 005300000944 |t BK |v τομ.4: |y 0 | ||
| 852 | |a INST |b SAMOS |e 19941103 |h 530 ΦΥΣ |p 005300000945 |q 005300000945 |t BK |v τομ.4: |y 0 | ||
| 852 | |a INST |b SAMOS |e 19941103 |h 530 ΦΥΣ |p 005300000946 |q 005300000946 |t BK |v τομ.4: |y 0 | ||
| 852 | |a INST |b SAMOS |e 19941103 |h 530 ΦΥΣ |p 005300000947 |q 005300000947 |t BK |v τομ.4: |y 0 | ||
| 852 | |a INST |b SAMOS |e 19941103 |h 530 ΦΥΣ |p 005300006464 |q 005300006464 |t BK |v τομ.2: |y 0 | ||
| 852 | |a INST |b SYROS |e 20010402 |h 530 ΦΥΣ |p 005500001299 |q 005500001299 |t BK |v τομ.2: |y 0 | ||
| 901 | |a BIBL5-2001-1 | ||
| 970 | |a Κοντού |b Παρασκευή |z 02/04/2001 | ||